| 000 | nam a22 a 4500 | ||
|---|---|---|---|
| 999 |
_c459027 _d459027 |
||
| 003 | BLK | ||
| 005 | 20230404141021.0 | ||
| 008 | 200311b bul|||||r ||||||| ||bul|| | ||
| 040 | _aBLK | ||
| 041 |
_aFRE _aDEU _aENG _cFRE |
||
| 080 |
_aСравнително литературознание _b82.091 _x(1-12)(4)"17-20" _z82.091(1-12)(4)"17-20" |
||
| 111 |
_9475482 _aCongres international des etudes balkaniques et sud-est europeennes _cSofia _d26. VIII-1. IX. 1966 |
||
| 245 |
_a1-er Congres international des etudes balkaniques et sud-est europeennes, Sofia, 26. VIII-1. IX. 1966 _bRapport pour la seance pleniere : P. 1 - _nP. 1 _pLe developpement des litteratures du Sud-Est europeen en relation avec les autres litteratures de la fin du XVIIIe siecle a nos jours _cred. A. Mirambel, E. Georgiev. |
||
| 257 | _aBGR | ||
| 260 |
_aSofia _bEditions de l'Académie bulgarie des sciences _c1966 _9410975 |
||
| 300 | _c20 см | ||
| 380 | _a82 | ||
| 500 | _aТекст на фр., нем., англ. ез. - Изд. на Association Internationale d'etudes du sud-est europeen. - 1 300 тир. | ||
| 650 | 0 |
_aЛитературознание, сравнително _9245262 |
|
| 651 | 0 |
_9265560 _aЮгоизточна Европа |
|
| 653 | 7 |
_9189964 _aлитература |
|
| 653 | 7 |
_9195158 _aразвитие |
|
| 700 |
_9217 _aMirambel, A. _ered. |
||
| 700 |
_9217 _aGeorgiev, E. _ered. |
||
| 711 |
_9475482 _aCongres international des etudes balkaniques et sud-est europeennes |
||
| 760 |
_dSofia, 1966 _h74 с. _nБел. под линия _oT. 1 : Le developpement des litteratures du Sud-Est europeen en relation avec les autres litteratures de la fin du XVIIIe siecle a nos jours _t1-er Congres international des etudes balkaniques et sud-est europeennes, Sofia, 26. VIII-1. IX. 1966 : Rapport pour la seance pleniere |
||
| 852 |
_aЦб 39762 _bЦб |
||
| 942 |
_cKNG _n0 _s1 |
||
| 944 |
_aCR _c2022-06-02 _kСТ |
||